Statistics for Science Vocabulary #1

Click here to take the quiz!

General Stats

  • This quiz has been taken 33,810 times
  • The average score is 15 of 20

Answer Stats

Definition Word % Correct
The colored portion of the eyeIris
98%
An animal that eats both plants and meatOmnivore
96%
Addictive stimulant found in tobaccoNicotine
96%
The process by which species become new speciesEvolution
92%
Unit of electrical potentialVolt
90%
Fungus that will turn sugars into alcoholYeast
87%
An atom or molecule that has an electrical chargeIon
87%
The outermost layer of skinEpidermis
83%
Name for the process described above{Ferment}ation
81%
Day in which the sun is directly over the Earth's equatorEquinox
70%
A substance that increases the rate of a chemical reactionCatalyst
70%
Inflammation of the gumsGingivitis
66%
Sedimentary rock composed of calcium carbonateLimestone
65%
Chemical compound with the formula NH3Ammonia
64%
Pertaining to the kidneysRenal
64%
The tendency of a body to remain in motion or to remain stationaryInertia
61%
The value that occurs most frequently in a setMode
57%
Air resistance or fluid resistanceDrag
53%
The energy required to heat 1 gram of water by 1 °CCalorie
53%
Ring-shaped coral reef that encircles a lagoonAtoll
45%

Score Distribution

Percentile by Number Answered

Percent of People with Each Score

Your Score History

You have not taken this quiz